000 00783nam a2200253 i 4500
001 C2-0316118
003 PPAK
005 20180728112032.0
008 120715s2011 my a|||| ||||| | may d
022 _a2231-8895
040 _aPPAK
_beng
_cPPAK
_erda
082 0 4 _a354.27
_223
090 0 0 _a354.27
_bMAL
_dR
110 2 _aMalaysia. Institut Tadbiran Awam Negara
245 0 0 _aBuletin kajian INTAN
264 1 _aKuala Lumpur :
_bInstitut Tadbiran Awam Negara (INTAN) ,
_c2011
300 _axi, 126 pages :
_bcolour illustrations ;
_c25 cm
336 _2rdacontent
_atext
337 _2rdamedia
_aunmediated
338 _2rdacarrier
_avolume
650 1 0 _aResearch - Malaysia - Periodicals
710 2 _aMalaysia. Institut Tadbiran Awam Negara
_eorganizer
942 _ddc
_cB
999 _c117263
_d117263